SSCP (Record no. 9438)
[ view plain ]
| 000 -LEADER | |
|---|---|
| fixed length control field | 01062nam a2200265Ia 4500 |
| 001 - CONTROL NUMBER | |
| control field | ebr10022520 |
| 003 - CONTROL NUMBER IDENTIFIER | |
| control field | CaPaEBR |
| 006 - FIXED-LENGTH DATA ELEMENTS--ADDITIONAL MATERIAL CHARACTERISTICS--GENERAL INFORMATION | |
| fixed length control field | m u |
| 007 - PHYSICAL DESCRIPTION FIXED FIELD--GENERAL INFORMATION | |
| fixed length control field | cr cn||||||||| |
| 008 - FIXED-LENGTH DATA ELEMENTS--GENERAL INFORMATION | |
| fixed length control field | 030303s2003 mau s 000 0 eng d |
| 020 ## - INTERNATIONAL STANDARD BOOK NUMBER | |
| Cancelled/invalid ISBN | 1931836809 |
| 040 ## - CATALOGING SOURCE | |
| Original cataloging agency | CaPaEBR |
| Transcribing agency | CaPaEBR |
| 035 ## - SYSTEM CONTROL NUMBER | |
| System control number | (OCoLC)614694765 |
| 050 14 - LIBRARY OF CONGRESS CALL NUMBER | |
| Classification number | QA76.9.A25 |
| Item number | J33 2003eb |
| 100 1# - MAIN ENTRY--PERSONAL NAME | |
| Personal name | Jacobs, Josh. |
| 245 10 - TITLE STATEMENT | |
| Title | SSCP |
| Medium | [electronic resource] : |
| Remainder of title | study guide and & DVD training system / |
| Statement of responsibility, etc | Josh Jacobs, Lee Clemmer, Michael Dalton, Russ Rogers, Jeffrey Posluns. |
| 260 ## - PUBLICATION, DISTRIBUTION, ETC. (IMPRINT) | |
| Place of publication, distribution, etc | Rockland, Mass. : |
| Name of publisher, distributor, etc | Syngress Publishing, |
| Date of publication, distribution, etc | 2003. |
| 300 ## - PHYSICAL DESCRIPTION | |
| Extent | xxx, 657 p. |
| 533 ## - REPRODUCTION NOTE | |
| Type of reproduction | Electronic reproduction. |
| Place of reproduction | Palo Alto, Calif. : |
| Agency responsible for reproduction | ebrary, |
| Date of reproduction | 2009. |
| Note about reproduction | Available via World Wide Web. |
| -- | Access may be limited to ebrary affiliated libraries. |
| 650 #0 - SUBJECT ADDED ENTRY--TOPICAL TERM | |
| Topical term or geographic name as entry element | Computer security. |
| Topical term or geographic name as entry element | Computer science. |
| 655 #7 - INDEX TERM--GENRE/FORM | |
| Genre/form data or focus term | Electronic books. |
| Source of term | local |
| 710 2# - ADDED ENTRY--CORPORATE NAME | |
| Corporate name or jurisdiction name as entry element | ebrary, Inc. |
| 856 40 - ELECTRONIC LOCATION AND ACCESS | |
| Uniform Resource Identifier | <a href="http://site.ebrary.com/lib/rucke/Doc?id=10022520">http://site.ebrary.com/lib/rucke/Doc?id=10022520</a> |
| Public note | An electronic book accessible through the World Wide Web; click to view |
No items available.
